00544nam a2200169Ia 4500003000900000008004100009040001600050080002500066245013700091260003500228300001300263650001600276650001900292650001900311700002400330700002000354IN-BaIIA211028s9999 xx 000 0 eng d cIIA Library a047.1:621.38bAEE-24 0aAdvances in electronics and electron physicscedited by L. Marton and Claire Marton  aNew YorkbAcademic Pressc1968 ax, 291p. aElectronics aElectrophysics aNASA Thesaurus aMarton, Claire, ed. aMarton, L., ed.